000 00444nam a2200157Ia 4500
008 180419s9999 xx 000 0 und d
040 _aPK-NaQUE
100 _a02IT03
100 _aRafique Ahmed Ujjan
245 0 _aDesign of software Models for Heterogeneous Clients of Wireless Devices (Mobile)
260 _aNawabshah
260 _bQUEST
260 _c2002
300 _a93
700 _aDepartment Of Infornation Technology Engineering
999 _c58413
_d58410